00507nam a2200181 a 4500001001300000003000900013005001700022008004100039020000800080082001800088100002300106245007800129260002900207300001000236500003500246650002100281700002300302nice12345678IN_TiNIC20260116015418.0141110s2013 kola grp 000 0 eng  ac000a369.1969bKAM aKambodji, Alphinus aHIV and Inclusive Communityb Asian Theological and Biblical Perspectives aKolkata bSCEPTRE c2013 a230p  aincludes index and biblioraphy aAids and Society1 aKambodji, Alphinus